| 000 | 00537nam a2200121Ia 4500 | ||
|---|---|---|---|
| 008 | 171212s9999 xx 000 0 und d | ||
| 020 | _a9780833085924 | ||
| 100 | _aNader, Alireza;Scotten, Ali G.;Rahmani, Ahmad Idrees;Stewart, Robert;Mahnad, Leila | ||
| 245 |
_cNader, Alireza;Scotten, Ali G.;Rahmani, Ahmad Idrees;Stewart, Robert;Mahnad, Leila _aIran’s Influence in Afghanistan _bImplications for the U.S. Drawdown |
||
| 260 |
_bRAND Corporation _c2014 |
||
| 650 | _aHistory | ||
| 856 | _uhttp://www.jstor.org/stable/10.7249/j.ctt1287mjf | ||
| 999 |
_c352245 _d352245 |
||